Truyện cổ dân gian Việt Nam tuyển chọn

में बचाया:
ग्रंथसूची विवरण
मुख्य लेखक: Hoàng, Quyết
स्वरूप: पुस्तक
भाषा:Vietnamese
प्रकाशित: H. Văn hóa thông tin 2012
विषय:
टैग : टैग जोड़ें
कोई टैग नहीं, इस रिकॉर्ड को टैग करने वाले पहले व्यक्ति बनें!
Thư viện lưu trữ: Trung tâm Học liệu Lê Vũ Hùng, Trường Đại học Đồng Tháp
LEADER 00810aam a22002418a 4500
001 00029443
005 20171026081022.0
008 120801s2012 ||||||viesd
020 # # |a 9786045000892 
041 0 # |a vie 
082 1 4 |a 398.209 597  |b TR527C 
100 1 # |a Hoàng, Quyết 
245 1 0 |a Truyện cổ dân gian Việt Nam tuyển chọn  |c Hoàng Quyết 
260 # # |a H.  |b Văn hóa thông tin  |c 2012 
300 # # |a 1167 tr.  |c 21cm. 
500 # # |a ĐTTS ghi: Hội văn nghệ dân gian Việt Nam 
653 # # |a Truyện cổ tích 
653 # # |a Việt Nam 
653 # # |a Văn học dân gian 
852 # # |b Kho đọc  |j KD.0013755 
852 # # |j KD.0013755 
910 0 # |d 8/8/2012  |a kchi 
980 # # |a Trung tâm Học liệu Lê Vũ Hùng, Trường Đại học Đồng Tháp